MARC

LEADER 00000nam0a2200000 4500
001 361409
005 20231102011403.0
035 |a (RuTPU)RU\TPU\retro\18735 
090 |a 361409 
100 |a 20210604d1980 km y0rusy50 ca 
101 0 |a rus 
102 |a UA 
105 |a a z 001zy 
200 1 |a Геологические условия выбросоопасности угольных пластов Донбасса  |f Академия наук Украинской ССР, Институт геотехнической механики ; под ред. В. Е. Забигайло 
210 |a Киев  |c Наукова думка  |d 1980 
215 |a 190 с.  |c ил. 
320 |a Библиогр.: с. 178-187 
606 1 |a Угольные шахты  |x Выбросы угля, внезапные  |2 stltpush  |3 (RuTPU)RU\TPU\subj\62803  |9 79870 
610 1 |a геологические условия 
610 1 |a выбросоопасность 
610 1 |a выбросоопасные пласты 
610 1 |a разработка 
610 1 |a зональность 
610 1 |a анализ 
610 1 |a тектоническая структура 
610 1 |a угольные пласты 
675 |a 622.831.322  |v 4 
702 1 |a Забигайло  |b В. Е.  |4 340 
712 0 2 |a Академия наук Украинской ССР  |b Институт геотехнической механики  |2 stltpush  |3 (RuTPU)RU\TPU\col\11530  |9 25156 
801 1 |a RU  |b 63413507  |c 20210604 
942 |c BK